| 000 | 00348nam a2200145Ia 4500 | ||
|---|---|---|---|
| 008 | 150201s2012 xx 000 0 und d | ||
| 082 |
_a618.1 _bB12B |
||
| 100 | _aBEREK, JONTHAN | ||
| 245 | _aBEREK & NAVAK,S GYNAECOLOGY | ||
| 250 | _a15TH | ||
| 260 |
_bWOLTERS KLUWER _aINDIA _c2012 |
||
| 300 | _a1-1539 | ||
| 650 | _aGYNECOLOGY | ||
| 942 |
_2ddc _cBK |
||
| 999 |
_c1700 _d1700 |
||